MICROREACHING AND TEACHING SKILLS/ (Record no. 199715)

MARC details
000 -LEADER
fixed length control field 00672nam a22002057a 4500
005 - DATE AND TIME OF LATEST TRANSACTION
control field 20240501172202.0
010 ## - LCCN (DPL NO)
LC control number ENG-138653
020 ## - INTERNATIONAL STANDARD BOOK NUMBER
International Standard Book Number 9789390897353
Terms of availability 495.00
035 ## - SYSTEM CONTROL NUMBER
System control number EN-122185
037 ## - SOURCE OF ACQUISITION
Source of stock number/acquisition DBAD/PUB
082 ## - DEWEY DECIMAL CLASSIFICATION NUMBER
Classification number 495.00
Edition number 1
100 ## - MAIN ENTRY--PERSONAL NAME
Personal name Darbari, Nidhi
245 ## - TITLE STATEMENT
Title MICROREACHING AND TEACHING SKILLS/
Statement of responsibility, etc By Nidhi Darbari
250 ## - EDITION STATEMENT
Edition statement 1
260 ## - PUBLICATION, DISTRIBUTION, ETC. (IMPRINT)
Place of publication, distribution, etc New Delhi
Name of publisher, distributor, etc Neelkamal Publications
Date of publication, distribution, etc 2021
270 ## - ADDRESS
Address 4764/1, 23, Ansari Road
City Daryaganj, New Delhi
Postal code 110002
Telephone number 011-23244237
-- 9811828953
Electronic mail address neelkamalbooks@gmail.com
300 ## - PHYSICAL DESCRIPTION
Extent xvii+410p.
Dimensions 24cm(pbk)
700 ## - ADDED ENTRY--PERSONAL NAME
Personal name Nayak, Alka
Relator term Foreword
9 (RLIN) 60036
942 ## - ADDED ENTRY ELEMENTS (KOHA)
Source of classification or shelving scheme Dewey Decimal Classification
Item type English Books
Classification part 370.70
Call number suffix DAR
Holdings
Withdrawn status Lost status Not for loan Collection code Home library Current library Date acquired Source of acquisition Cost, normal purchase price Full call number Barcode Copy number Cost, replacement price Koha item type
      Non-fiction Ashok Vihar Ashok Vihar 20/12/2023 DBAD 495.00 370.70 DAR EN-122185 1 495.00 English Books

© Delhi Public Library
Hit Counter
free hit counter